<?xml version="1.0" encoding="UTF-8"?>
<record
    xmlns:xsi="http://www.w3.org/2001/XMLSchema-instance"
    xsi:schemaLocation="http://www.loc.gov/MARC21/slim http://www.loc.gov/standards/marcxml/schema/MARC21slim.xsd"
    xmlns="http://www.loc.gov/MARC21/slim">

  <leader>00566nas a22001937a 4500</leader>
  <controlfield tag="001">31476</controlfield>
  <controlfield tag="003">BD-RjUL</controlfield>
  <controlfield tag="005">20211209051715.0</controlfield>
  <controlfield tag="008">140417c20129999bg ||||| |||| 00| 0 eng d</controlfield>
  <datafield tag="041" ind1=" " ind2=" ">
    <subfield code="a">eng</subfield>
  </datafield>
  <datafield tag="082" ind1=" " ind2=" ">
    <subfield code="a">300.5</subfield>
    <subfield code="2">JSS</subfield>
  </datafield>
  <datafield tag="245" ind1=" " ind2=" ">
    <subfield code="a">The Journal of Social Studies /</subfield>
    <subfield code="c">Centre for Social Studies</subfield>
  </datafield>
  <datafield tag="260" ind1=" " ind2=" ">
    <subfield code="a">Dhaka :</subfield>
    <subfield code="b">Centre for Social Studies</subfield>
  </datafield>
  <datafield tag="300" ind1=" " ind2=" ">
    <subfield code="a">v. </subfield>
    <subfield code="g">23 cm.</subfield>
  </datafield>
  <datafield tag="650" ind1=" " ind2=" ">
    <subfield code="a">Social Science </subfield>
    <subfield code="v">Periodicals</subfield>
    <subfield code="9">95777</subfield>
  </datafield>
  <datafield tag="650" ind1=" " ind2=" ">
    <subfield code="a">Social sciences</subfield>
    <subfield code="v">Periodicals.</subfield>
    <subfield code="z">Bangladesh</subfield>
    <subfield code="9">95779</subfield>
  </datafield>
  <datafield tag="710" ind1=" " ind2=" ">
    <subfield code="a">Centre for Social Studies</subfield>
    <subfield code="9">95778</subfield>
  </datafield>
  <datafield tag="942" ind1=" " ind2=" ">
    <subfield code="2">ddc</subfield>
    <subfield code="c">CR</subfield>
  </datafield>
  <datafield tag="999" ind1=" " ind2=" ">
    <subfield code="c">31476</subfield>
    <subfield code="d">31476</subfield>
  </datafield>
  <datafield tag="952" ind1=" " ind2=" ">
    <subfield code="0">0</subfield>
    <subfield code="1">0</subfield>
    <subfield code="2">ddc</subfield>
    <subfield code="4">0</subfield>
    <subfield code="5">1</subfield>
    <subfield code="7">1</subfield>
    <subfield code="a">RUCL</subfield>
    <subfield code="b">RUCL</subfield>
    <subfield code="c">Serials </subfield>
    <subfield code="d">2012-02-27</subfield>
    <subfield code="e">Centre for Social Studies</subfield>
    <subfield code="g">172.00</subfield>
    <subfield code="h">No.133-136 (Jan.-Dec. 2012)</subfield>
    <subfield code="l">0</subfield>
    <subfield code="o">P 300.5 JSS No.133-136 2012</subfield>
    <subfield code="r">2014-04-17 00:00:00</subfield>
    <subfield code="t">C-1</subfield>
    <subfield code="w">2014-04-17</subfield>
    <subfield code="y">CR</subfield>
  </datafield>
</record>
